| 000 | 00996nam a2200253 4500 | ||
|---|---|---|---|
| 001 | sa 68016458 | ||
| 003 | DLC | ||
| 005 | 20260227112654.0 | ||
| 008 | 700629s1965 pk 00010 eng | ||
| 010 | _asa 68016458 | ||
| 025 | _aPL480:P-E-1222 | ||
| 050 | 0 |
_aHD1481.P4 _bR5 |
|
| 082 | _a333.3/35 | ||
| 100 | 1 | 0 | _aRizvi, S. M. Z. |
| 245 | 1 |
_aConsolidation of holdings; _ba study of the process of consolidation of agricultural holdings in selected villages in Peshawar District _c[by] S. M. Z. Rizvi, M. A. Sabzwari [and] C. M. Sharif. |
|
| 260 | 0 |
_aPeshawar, _bPakistan Academy for Rural Development _c[1965] |
|
| 300 |
_avi, 158 p. _c25 cm. |
||
| 350 | _a5.00 | ||
| 490 | 1 | _aResearch publication series, report, no. 10 | |
| 650 | 0 |
_aConsolidation of land holdings _zPeshawar (District) |
|
| 700 | 1 | 0 |
_aSabzwari, M. A., _ejoint author. |
| 700 | 1 | 0 |
_aSharif, C. M., _ejoint author. |
| 810 | 1 |
_aPeshawar (City). _bAcademy for Rural Development. _tResearch publications series, report _vno. 10 |
|
| 999 |
_c87109 _d87109 |
||